Obec a financovanie verejnoprospešných služieb
Základný rozpor medzi narastajúcimi požiadavkami občana na verejnoprospešné služby a rozpočtami samosprávy. Nákladovosť verejnoprospešných služieb. Tvorba rozpočtov miest a obcí ako zdroj napätia medzi predstaviteľmi samospráv a vládnymi inštitúciami.
Salvato in:
| Autore principale: | |
|---|---|
| Natura: | Capitolo di libro |
| Lingua: | slovacco |
| Soggetti: | |
| Tags: |
Nessun Tag, puoi essere il primo ad aggiungerne!!
|
MARC
| LEADER | 00000naa a2200000 4500 | ||
|---|---|---|---|
| 001 | r032653 | ||
| 005 | 20230825081128.9 | ||
| 041 | 0 | |a slo | |
| 044 | |a SK | ||
| 245 | 1 | 0 | |a Obec a financovanie verejnoprospešných služieb |c Ján Králik |
| 520 | |a Základný rozpor medzi narastajúcimi požiadavkami občana na verejnoprospešné služby a rozpočtami samosprávy. Nákladovosť verejnoprospešných služieb. Tvorba rozpočtov miest a obcí ako zdroj napätia medzi predstaviteľmi samospráv a vládnymi inštitúciami. | ||
| 610 | 2 | 0 | |a služby verejnoprospešné |
| 610 | 2 | 0 | |a financovanie |
| 610 | 2 | 0 | |a samospráva |
| 610 | 2 | 0 | |a decentralizácia |
| 610 | 2 | 0 | |a zdroje finančné |
| 610 | 2 | 0 | |a mestá |
| 610 | 2 | 0 | |a správa štátna |
| 610 | 2 | 0 | |a Slovensko |
| 610 | 2 | 0 | |a obce |
| 100 | 1 | |a Králik, Ján | |